[Event "Bundesliga 0001"]
[Site "Deutschland"]
[Date "2001.03.11"]
[Round "11.6"]
[White "Meissner, Bernd Guenther"]
[Black "Hackel, Mario"]
[Result "1/2-1/2"]
[WhiteElo "2372"]
[BlackElo "2338"]
[PlyCount "94"]
[EventDate "2000.10.14"]
[EventType "team"]
[EventRounds "15"]
[EventCountry "GER"]
[SourceTitle "Bundesliga 0001"]
[Source "DeepChess"]
[SourceDate "2005.01.01"]
[SourceVersion "1"]
[SourceVersionDate "2005.01.01"]
[SourceQuality "1"]
[WhiteTeam "SF 1982 Baiertal Schatthausen"]
[BlackTeam "SK Koenig Plauen"]
[WhiteTeamCountry "GER"]
[BlackTeamCountry "GER"]

1. d4 Nf6 2. c4 e6 3. Nc3 Bb4 4. Qc2 c5 5. dxc5 Na6 6. a3 Bxc3+ 7. Qxc3 Nxc5 8.
f3 d6 9. e4 O-O 10. Be3 Qc7 11. Ne2 a6 12. Rc1 Bd7 13. Ng3 Ba4 14. b4 Ncd7 15.
Be2 Rfc8 16. O-O h6 17. Qd2 Ne8 18. f4 Qd8 19. Bd1 Bc6 20. a4 b6 21. Bb3 a5 22.
f5 e5 23. c5 axb4 24. cxb6 Nxb6 25. f6 Nxf6 26. Rxf6 gxf6 27. Qf2 Bxa4 28. Rf1
Bxb3 29. Bxb6 Ra2 30. Ne2 Qxb6 31. Qxb6 Rxe2 32. Qxd6 Rcc2 33. Kh1 Rxg2 34. Rg1
Rxg1+ 35. Kxg1 Be6 36. Qxb4 Rc1+ 37. Kf2 Rc2+ 38. Kg3 Rc4 39. Qd2 Kg7 40. Kf3
Rd4 41. Qg2+ Kh7 42. Ke3 Rb4 43. Qf1 Rb3+ 44. Kd2 Kg7 45. Qg1+ Kf8 46. Qc5+ Ke8
47. Qc6+ Kf8 1/2-1/2

[Event "Bundesliga 0001"]
[Site "Deutschland"]
[Date "2001.03.11"]
[Round "11.7"]
[White "Kuraszkiewicz, Michael"]
[Black "Koch, Wolfgang Max"]
[Result "1-0"]
[WhiteElo "2309"]
[BlackElo "2335"]
[PlyCount "71"]
[EventDate "2000.10.14"]
[EventType "team"]
[EventRounds "15"]
[EventCountry "GER"]
[SourceTitle "Bundesliga 0001"]
[Source "DeepChess"]
[SourceDate "2005.01.01"]
[SourceVersion "1"]
[SourceVersionDate "2005.01.01"]
[SourceQuality "1"]
[WhiteTeam "SK Koenig Plauen"]
[BlackTeam "SF 1982 Baiertal Schatthausen"]
[WhiteTeamCountry "GER"]
[BlackTeamCountry "GER"]

1. d4 d6 2. e4 Nf6 3. f3 c5 4. d5 g6 5. c4 Bg7 6. Nc3 O-O 7. Bg5 Nbd7 8. Nh3 a6
9. a4 Ne5 10. Nf2 Rb8 11. Be2 h6 12. Be3 h5 13. h3 Re8 14. g4 Ned7 15. Kf1 e5
16. Kg2 Nf8 17. Qd2 N8h7 18. Rhb1 Qc7 19. b4 cxb4 20. Rxb4 hxg4 21. hxg4 Nd7
22. Nd3 Bf8 23. a5 Be7 24. Qb2 Bg5 25. Ba7 Ra8 26. Bf2 f5 27. gxf5 gxf5 28.
exf5 Rf8 29. Ne4 Rxf5 30. Rg1 Be7 31. Kf1+ Kf8 32. Qc1 Ke8 33. Qh6 Nhf8 34. Bh4
Rf7 35. Rg8 Qxa5 36. Nxd6+ 1-0

[Event "Bundesliga 0001"]
[Site "Deutschland"]
[Date "2001.03.11"]
[Round "11.1"]
[White "Rabiega, Robert"]
[Black "Piket, Jeroen"]
[Result "0-1"]
[WhiteElo "2487"]
[BlackElo "2649"]
[PlyCount "78"]
[EventDate "2000.10.14"]
[EventType "team"]
[EventRounds "15"]
[EventCountry "GER"]
[SourceTitle "Bundesliga 0001"]
[Source "DeepChess"]
[SourceDate "2005.01.01"]
[SourceVersion "1"]
[SourceVersionDate "2005.01.01"]
[SourceQuality "1"]
[WhiteTeam "SK Koenig Tegel 1949 e.V. "]
[BlackTeam "SG 1868 Aljech. Solingen"]
[WhiteTeamCountry "GER"]
[BlackTeamCountry "GER"]

1. e4 c6 2. d4 d5 3. Nd2 dxe4 4. Nxe4 Bf5 5. Ng3 Bg6 6. Nf3 Nd7 7. h4 h6 8. h5
Bh7 9. Bd3 Bxd3 10. Qxd3 Ngf6 11. Bf4 Qa5+ 12. Bd2 Qc7 13. O-O-O e6 14. Qe2 Bd6
15. Nf5 Bf4 16. Ne3 b5 17. g3 Bxe3 18. fxe3 Ne4 19. Be1 Qd6 20. Kb1 Qd5 21. g4
a5 22. Rf1 O-O 23. Bh4 g5 24. hxg6 fxg6 25. Nd2 g5 26. Nxe4 Qxe4 27. Bg3 Rxf1
28. Rxf1 Rf8 29. Rxf8+ Kxf8 30. a3 Kf7 31. Bc7 Nf6 32. Bxa5 Nxg4 33. Bd2 h5 34.
Qf1+ Kg6 35. Qf8 Nf6 36. Ba5 Qxe3 37. Qd6 Qe4 38. Qd8 h4 39. b3 h3 0-1

[Event "Bundesliga 0001"]
[Site "Deutschland"]
[Date "2001.03.11"]
[Round "11.2"]
[White "Jussupow, Artur"]
[Black "Muse, Mladen"]
[Result "1-0"]
[WhiteElo "2610"]
[BlackElo "2510"]
[PlyCount "103"]
[EventDate "2000.10.14"]
[EventType "team"]
[EventRounds "15"]
[EventCountry "GER"]
[SourceTitle "Bundesliga 0001"]
[Source "DeepChess"]
[SourceDate "2005.01.01"]
[SourceVersion "1"]
[SourceVersionDate "2005.01.01"]
[SourceQuality "1"]
[WhiteTeam "SG 1868 Aljech. Solingen"]
[BlackTeam "SK Koenig Tegel 1949 e.V. "]
[WhiteTeamCountry "GER"]
[BlackTeamCountry "GER"]

1. d4 Nf6 2. c4 g6 3. g3 Bg7 4. Bg2 O-O 5. Nf3 d6 6. O-O c6 7. Nc3 Qa5 8. e4 e5
9. h3 Nbd7 10. Be3 Ne8 11. Qc2 f5 12. exf5 gxf5 13. dxe5 dxe5 14. Rad1 e4 15.
Nd4 Ne5 16. b3 Nc7 17. Qd2 Nf3+ 18. Bxf3 exf3 19. Na4 Qxd2 20. Rxd2 Bxd4 21.
Bxd4 f4 22. Be5 Bxh3 23. Bxc7 Bxf1 24. Kxf1 fxg3 25. fxg3 Rf5 26. Kf2 h5 27.
Nc3 Re8 28. Rd3 Re7 29. Bd6 Re6 30. Bb8 b5 31. Rxf3 Ref6 32. Rxf5 Rxf5+ 33. Ke3
bxc4 34. bxc4 Rg5 35. Kd4 a6 36. a4 Kf7 37. Ne4 Rg4 38. Bf4 Ke6 39. Ke3 Rg8 40.
a5 Kf5 41. Nd6+ Kg4 42. Be5 Rf8 43. Kd4 Rf1 44. Kc5 Re1 45. Nf7 Kf5 46. Bc7 Re7
47. Nd6+ Ke6 48. Kxc6 Rg7 49. Nb7 Rg4 50. c5 h4 51. gxh4 Rxh4 52. Bd6 1-0

[Event "Bundesliga 0001"]
[Site "Deutschland"]
[Date "2001.03.11"]
[Round "11.5"]
[White "Von Herman, Ulf"]
[Black "Sadler, Matthew"]
[Result "0-1"]
[WhiteElo "2357"]
[BlackElo "2628"]
[PlyCount "54"]
[EventDate "2000.10.14"]
[EventType "team"]
[EventRounds "15"]
[EventCountry "GER"]
[SourceTitle "Bundesliga 0001"]
[Source "DeepChess"]
[SourceDate "2005.01.01"]
[SourceVersion "1"]
[SourceVersionDate "2005.01.01"]
[SourceQuality "1"]
[WhiteTeam "SK Koenig Tegel 1949 e.V. "]
[BlackTeam "SG 1868 Aljech. Solingen"]
[WhiteTeamCountry "GER"]
[BlackTeamCountry "GER"]

1. d4 Nf6 2. Nf3 e6 3. Bg5 h6 4. Bh4 d5 5. e3 Bd6 6. Ne5 Nbd7 7. f4 g5 8. Bf2
Ne4 9. Nd2 Nxf2 10. Kxf2 c5 11. Qh5 Qf6 12. Bb5 gxf4 13. e4 cxd4 14. Nxd7 Bxd7
15. Bxd7+ Kxd7 16. exd5 Rac8 17. dxe6+ fxe6 18. Qb5+ Kc7 19. Nc4 Rhg8 20. Nxd6
Kxd6 21. c3 Qh4+ 22. Kf1 f3 23. gxf3 Qh3+ 24. Ke2 Qg2+ 25. Kd3 Qxf3+ 26. Kc2
Rg2+ 27. Kb3 Rxb2+ 0-1

[Event "Bundesliga 0001"]
[Site "Deutschland"]
[Date "2001.03.11"]
[Round "11.6"]
[White "Lobron, Eric"]
[Black "Pachow, Joerg"]
[Result "1-0"]
[WhiteElo "2530"]
[BlackElo "2297"]
[PlyCount "87"]
[EventDate "2000.10.14"]
[EventType "team"]
[EventRounds "15"]
[EventCountry "GER"]
[SourceTitle "Bundesliga 0001"]
[Source "DeepChess"]
[SourceDate "2005.01.01"]
[SourceVersion "1"]
[SourceVersionDate "2005.01.01"]
[SourceQuality "1"]
[WhiteTeam "SG 1868 Aljech. Solingen"]
[BlackTeam "SK Koenig Tegel 1949 e.V. "]
[WhiteTeamCountry "GER"]
[BlackTeamCountry "GER"]

1. e4 c5 2. Nf3 Nc6 3. Bb5 g6 4. Bxc6 bxc6 5. O-O Bg7 6. Re1 Nh6 7. c3 d6 8. h3
f6 9. d4 cxd4 10. cxd4 Nf7 11. Nc3 O-O 12. b3 g5 13. Bb2 g4 14. hxg4 Bxg4 15.
Qd3 e5 16. Ne2 d5 17. dxe5 fxe5 18. Ng3 Qb6 19. Nh2 Nh6 20. Qc2 Rf4 21. Rac1
Raf8 22. Rf1 Bd7 23. exd5 cxd5 24. Qc5 Qg6 25. Qxd5+ Be6 26. Qd6 Nf7 27. Qe7
Ng5 28. Rc7 R4f7 29. Qc5 Rxc7 30. Qxc7 h5 31. Bxe5 Bxe5 32. Qxe5 h4 33. Ne2
Nh3+ 34. Kh1 Nxf2+ 35. Kg1 Nh3+ 36. Kh1 Rxf1+ 37. Nxf1 Nf2+ 38. Kg1 Ng4 39. Qf4
h3 40. gxh3 Ne5+ 41. Nfg3 Qb1+ 42. Kh2 Nd3 43. Qg5+ Kf8 44. Ne4 1-0

[Event "Bundesliga 0001"]
[Site "Deutschland"]
[Date "2001.03.11"]
[Round "11.7"]
[White "Giemsa, Stephan"]
[Black "Naumann, Alexander"]
[Result "0-1"]
[WhiteElo "2299"]
[BlackElo "2489"]
[PlyCount "100"]
[EventDate "2000.10.14"]
[EventType "team"]
[EventRounds "15"]
[EventCountry "GER"]
[SourceTitle "Bundesliga 0001"]
[Source "DeepChess"]
[SourceDate "2005.01.01"]
[SourceVersion "1"]
[SourceVersionDate "2005.01.01"]
[SourceQuality "1"]
[WhiteTeam "SK Koenig Tegel 1949 e.V. "]
[BlackTeam "SG 1868 Aljech. Solingen"]
[WhiteTeamCountry "GER"]
[BlackTeamCountry "GER"]

1. Nf3 Nf6 2. c4 g6 3. Nc3 Bg7 4. e4 d6 5. d4 O-O 6. Be2 e5 7. Be3 Nbd7 8. O-O
c6 9. d5 c5 10. a3 h6 11. g3 Kh7 12. Qc2 Nh5 13. b4 b6 14. Rab1 Ndf6 15. bxc5
bxc5 16. Qa4 Bh3 17. Rfe1 Ng4 18. Bd2 f5 19. Rb7 Ngf6 20. exf5 Bxf5 21. Nh4 Bc8
22. Rbb1 g5 23. Qc2+ Kg8 24. Nf5 Qd7 25. Nxg7 Nxg7 26. Qg6 Qf5 27. Qxf5 Nxf5
28. Nb5 a6 29. Nc7 Ra7 30. Ne6 Bxe6 31. dxe6 Re8 32. Rb6 Rxe6 33. Reb1 Nd4 34.
Bd1 Kf7 35. Kg2 e4 36. a4 Nd7 37. Rb7 Rxb7 38. Rxb7 Re7 39. Ra7 Ne5 40. Rxa6
Nxc4 41. Bh5+ Ke6 42. Bc3 Kd5 43. a5 e3 44. fxe3 Nxe3+ 45. Kf2 g4 46. Bxd4 cxd4
47. Bg6 Nc4 48. Ra8 Ne5 49. Bc2 Rb7 50. Ke1 d3 0-1

[Event "Bundesliga 0001"]
[Site "Deutschland"]
[Date "2001.03.11"]
[Round "11.8"]
[White "Schaefer, Markus"]
[Black "Lorenz, Sascha"]
[Result "1-0"]
[WhiteElo "2393"]
[BlackElo "2298"]
[PlyCount "67"]
[EventDate "2000.10.14"]
[EventType "team"]
[EventRounds "15"]
[EventCountry "GER"]
[SourceTitle "Bundesliga 0001"]
[Source "DeepChess"]
[SourceDate "2005.01.01"]
[SourceVersion "1"]
[SourceVersionDate "2005.01.01"]
[SourceQuality "1"]
[WhiteTeam "SG 1868 Aljech. Solingen"]
[BlackTeam "SK Koenig Tegel 1949 e.V. "]
[WhiteTeamCountry "GER"]
[BlackTeamCountry "GER"]

1. e4 c5 2. Nf3 Nc6 3. d4 cxd4 4. Nxd4 e5 5. Nb5 d6 6. N1c3 a6 7. Na3 b5 8. Nd5
Nge7 9. Be3 Nxd5 10. exd5 Ne7 11. c4 Nf5 12. Bd2 g6 13. Nc2 Bg7 14. Be2 O-O 15.
O-O Bb7 16. Rc1 bxc4 17. Bxc4 Rc8 18. b3 Re8 19. Kh1 Qh4 20. Ne3 Nd4 21. Bb4
Qd8 22. Nc2 Nf5 23. Bd2 Qb6 24. a4 Ne7 25. a5 Qd8 26. Nb4 Rc5 27. Bxa6 Bxa6 28.
Nxa6 Rxc1 29. Qxc1 Nxd5 30. Qc4 Qa8 31. Rc1 Bf8 32. Qc6 Qa7 33. Qxe8 Qxf2 34.
Bh6 1-0

[Event "Bundesliga 0001"]
[Site "Deutschland"]
[Date "2001.03.11"]
[Round "11.2"]
[White "Rogozenko, Dorian"]
[Black "Rozentalis, Eduardas"]
[Result "1/2-1/2"]
[WhiteElo "2531"]
[BlackElo "2570"]
[PlyCount "52"]
[EventDate "2000.10.14"]
[EventType "team"]
[EventRounds "15"]
[EventCountry "GER"]
[SourceTitle "Bundesliga 0001"]
[Source "DeepChess"]
[SourceDate "2005.01.01"]
[SourceVersion "1"]
[SourceVersionDate "2005.01.01"]
[SourceQuality "1"]
[WhiteTeam "USC Magdeburg"]
[BlackTeam "SV Castrop Rauxel 1923"]
[WhiteTeamCountry "GER"]
[BlackTeamCountry "GER"]

1. d4 Nf6 2. Nf3 e6 3. e3 d6 4. Bd3 Nbd7 5. c4 g6 6. O-O Bg7 7. Nc3 O-O 8. Rb1
e5 9. b4 Re8 10. Bc2 exd4 11. exd4 Nb6 12. Bd3 Be6 13. Nd2 Qd7 14. Qc2 Nh5 15.
d5 Bf5 16. Bxf5 Qxf5 17. Qxf5 gxf5 18. Nb5 Re7 19. Bb2 Bh6 20. Nf3 Nxc4 21.
Nbd4 Ng7 22. Ba1 Re4 23. g3 Nb6 24. Rfd1 a5 25. bxa5 Rxa5 26. Nb5 Nd7 1/2-1/2

[Event "Bundesliga 0001"]
[Site "Deutschland"]
[Date "2001.03.11"]
[Round "11.3"]
[White "King, Daniel J"]
[Black "Slobodjan, Roman"]
[Result "0-1"]
[WhiteElo "2525"]
[BlackElo "2539"]
[PlyCount "104"]
[EventDate "2000.10.14"]
[EventType "team"]
[EventRounds "15"]
[EventCountry "GER"]
[SourceTitle "Bundesliga 0001"]
[Source "DeepChess"]
[SourceDate "2005.01.01"]
[SourceVersion "1"]
[SourceVersionDate "2005.01.01"]
[SourceQuality "1"]
[WhiteTeam "SV Castrop Rauxel 1923"]
[BlackTeam "USC Magdeburg"]
[WhiteTeamCountry "GER"]
[BlackTeamCountry "GER"]

1. e4 e5 2. Nf3 Nc6 3. Bb5 a6 4. Ba4 Nf6 5. O-O Be7 6. Re1 b5 7. Bb3 d6 8. c3
O-O 9. d4 Bg4 10. d5 Na5 11. Bc2 Qc8 12. h3 Bd7 13. Nbd2 c6 14. dxc6 Qxc6 15.
Nf1 Rac8 16. Ng3 Nc4 17. Bd3 Rfe8 18. b3 Nb6 19. Be3 Bd8 20. Rc1 d5 21. Bd2
dxe4 22. Nxe4 Qc7 23. Nxf6+ Bxf6 24. Ng5 h6 25. Ne4 Be7 26. Ng3 Bf8 27. h4 Rcd8
28. Qf3 Bc6 29. Qe2 Qd7 30. Be3 Qxd3 31. Bxb6 Qxe2 32. Rxe2 Rd3 33. Re3 Rd2 34.
Re2 Rxe2 35. Nxe2 Re6 36. Bc7 Rg6 37. Bxe5 Rxg2+ 38. Kf1 Rg4 39. Bg3 Be7 40.
Nd4 Bd7 41. Nf3 Re4 42. Rc2 Bh3+ 43. Kg1 f5 44. Kh2 Bg4 45. Ne5 Bxh4 46. Bxh4
Rxe5 47. f4 Re3 48. Bf2 Rf3 49. c4 bxc4 50. bxc4 Rxf4 51. c5 Bd1 52. Rd2 Ba4
0-1

[Event "Bundesliga 0001"]
[Site "Deutschland"]
[Date "2001.03.11"]
[Round "11.5"]
[White "Seul, Georg"]
[Black "Thesing, Matthias"]
[Result "0-1"]
[WhiteElo "2447"]
[BlackElo "2438"]
[PlyCount "62"]
[EventDate "2000.10.14"]
[EventType "team"]
[EventRounds "15"]
[EventCountry "GER"]
[SourceTitle "Bundesliga 0001"]
[Source "DeepChess"]
[SourceDate "2005.01.01"]
[SourceVersion "1"]
[SourceVersionDate "2005.01.01"]
[SourceQuality "1"]
[WhiteTeam "SV Castrop Rauxel 1923"]
[BlackTeam "USC Magdeburg"]
[WhiteTeamCountry "GER"]
[BlackTeamCountry "GER"]

1. e4 c5 2. Nf3 e6 3. b3 b6 4. Bb2 Bb7 5. Qe2 d6 6. d4 cxd4 7. Nxd4 Nf6 8. Nc3
a6 9. O-O-O Qc7 10. g4 b5 11. g5 b4 12. Ncb5 axb5 13. gxf6 gxf6 14. Qh5 Qc5 15.
Bxb5+ Ke7 16. Qh4 Qg5+ 17. Qxg5 fxg5 18. Kb1 Rg8 19. Rhe1 Bg7 20. Nf5+ exf5 21.
exf5+ Be5 22. Bxe5 dxe5 23. Rxe5+ Kf6 24. Rc5 Rc8 25. Rd6+ Ke7 26. Rxc8 Bxc8
27. Rd5 f6 28. Bd3 Nd7 29. Be4 Rb8 30. Ra5 Kd6 31. Ra7 Nc5 0-1

[Event "Bundesliga 0001"]
[Site "Deutschland"]
[Date "2001.03.11"]
[Round "11.7"]
[White "Dinstuhl, Volkmar"]
[Black "Proehl, Holger"]
[Result "1/2-1/2"]
[WhiteElo "2412"]
[BlackElo "2386"]
[PlyCount "53"]
[EventDate "2000.10.14"]
[EventType "team"]
[EventRounds "15"]
[EventCountry "GER"]
[SourceTitle "Bundesliga 0001"]
[Source "DeepChess"]
[SourceDate "2005.01.01"]
[SourceVersion "1"]
[SourceVersionDate "2005.01.01"]
[SourceQuality "1"]
[WhiteTeam "SV Castrop Rauxel 1923"]
[BlackTeam "USC Magdeburg"]
[WhiteTeamCountry "GER"]
[BlackTeamCountry "GER"]

1. d4 d5 2. c4 c6 3. Nf3 Nf6 4. e3 g6 5. Nc3 Bg7 6. h3 O-O 7. Bd3 a6 8. O-O b5
9. b3 Bf5 10. Re1 Re8 11. Bb2 Nbd7 12. Rc1 Qb8 13. Ba1 e6 14. e4 dxe4 15. Nxe4
Nxe4 16. Bxe4 Bxe4 17. Rxe4 Qd6 18. Qc2 Red8 19. Ree1 Rac8 20. Rcd1 Qf8 21. Qe2
Qb4 22. d5 cxd5 23. cxd5 exd5 24. Bxg7 Kxg7 25. Rxd5 Nf6 26. Rxd8 Rxd8 27. Qb2
1/2-1/2

[Event "Bundesliga 0001"]
[Site "Deutschland"]
[Date "2001.03.11"]
[Round "11.8"]
[White "Markgraf, Alexander"]
[Black "Hennig, Dirk"]
[Result "1/2-1/2"]
[WhiteElo "2274"]
[BlackElo "2442"]
[PlyCount "84"]
[EventDate "2000.10.14"]
[EventType "team"]
[EventRounds "15"]
[EventCountry "GER"]
[SourceTitle "Bundesliga 0001"]
[Source "DeepChess"]
[SourceDate "2005.01.01"]
[SourceVersion "1"]
[SourceVersionDate "2005.01.01"]
[SourceQuality "1"]
[WhiteTeam "USC Magdeburg"]
[BlackTeam "SV Castrop Rauxel 1923"]
[WhiteTeamCountry "GER"]
[BlackTeamCountry "GER"]

1. e4 c6 2. d4 d5 3. e5 g6 4. Nc3 Bg7 5. f4 h5 6. Nf3 Nh6 7. Be3 Bg4 8. Be2 e6
9. Bf2 Nf5 10. g3 Bf8 11. Qd3 Nd7 12. h3 Bxf3 13. Qxf3 c5 14. dxc5 Bxc5 15.
Bxc5 Nxc5 16. O-O-O h4 17. g4 Ng3 18. Rhe1 Qa5 19. Bb5+ Kf8 20. f5 gxf5 21.
gxf5 Nxf5 22. Rxd5 exd5 23. Qxf5 Qb6 24. e6 Nxe6 25. Nxd5 Qxb5 26. Qf6 Rh7 27.
Qe7+ Kg8 28. Nf6+ Kh8 29. Nxh7 Kxh7 30. Rxe6 Qf1+ 31. Re1 Qf4+ 32. Kb1 Rg8 33.
Qxb7 Rg3 34. Qd7 Qf2 35. Rd1 Qf3 36. a3 Rxh3 37. Rd3 Rh1+ 38. Ka2 Qf4 39. Rd4
Qf6 40. Rd6 Qf4 41. Rd4 Qf6 42. Rd6 Qf4 1/2-1/2

[Event "Bundesliga 0001"]
[Site "Deutschland"]
[Date "2001.03.11"]
[Round "11.2"]
[White "Kosten, Anthony C"]
[Black "Hertneck, Gerald"]
[Result "0-1"]
[WhiteElo "2524"]
[BlackElo "2541"]
[PlyCount "82"]
[EventDate "2000.10.14"]
[EventType "team"]
[EventRounds "15"]
[EventCountry "GER"]
[SourceTitle "Bundesliga 0001"]
[Source "DeepChess"]
[SourceDate "2005.01.01"]
[SourceVersion "1"]
[SourceVersionDate "2005.01.01"]
[SourceQuality "1"]
[WhiteTeam "TSV Schott Mainz"]
[BlackTeam "TV Tegernsee"]
[WhiteTeamCountry "GER"]
[BlackTeamCountry "GER"]

1. c4 e5 2. Nc3 Nf6 3. Nf3 Nc6 4. e3 g6 5. d4 d6 6. Be2 Bg7 7. dxe5 Nxe5 8.
Nxe5 dxe5 9. Qxd8+ Kxd8 10. b3 Re8 11. Ba3 Bf8 12. O-O-O+ Bd7 13. Bxf8 Rxf8 14.
g4 c6 15. g5 Ne8 16. Rd2 Kc7 17. Rhd1 Bf5 18. c5 f6 19. e4 Bh3 20. Bf1 Bc8 21.
Rd8 fxg5 22. Bc4 Rb8 23. R1d3 Bg4 24. Rxb8 Kxb8 25. Rg3 Nf6 26. h3 Bh5 27. Rxg5
Nd7 28. b4 Rf3 29. Rg3 Rxf2 30. Rd3 Kc7 31. Rd6 Rf6 32. Rd3 g5 33. Na4 Nf8 34.
b5 cxb5 35. Bxb5 Be2 36. Rb3 Rf1+ 37. Kd2 Bxb5 38. Rxb5 Rf2+ 39. Kd3 Kc6 40.
Rb1 Ne6 41. Ke3 Rxa2 0-1

[Event "Bundesliga 0001"]
[Site "Deutschland"]
[Date "2001.03.11"]
[Round "11.3"]
[White "Beim, Valery"]
[Black "Cicak, Slavko"]
[Result "1/2-1/2"]
[WhiteElo "2528"]
[BlackElo "2543"]
[PlyCount "21"]
[EventDate "2000.10.14"]
[EventType "team"]
[EventRounds "15"]
[EventCountry "GER"]
[SourceTitle "Bundesliga 0001"]
[Source "DeepChess"]
[SourceDate "2005.01.01"]
[SourceVersion "1"]
[SourceVersionDate "2005.01.01"]
[SourceQuality "1"]
[WhiteTeam "TV Tegernsee"]
[BlackTeam "TSV Schott Mainz"]
[WhiteTeamCountry "GER"]
[BlackTeamCountry "GER"]

1. g3 d5 2. d3 c6 3. Nf3 Nf6 4. Bg2 Bg4 5. O-O Nbd7 6. c4 dxc4 7. dxc4 Bxf3 8.
exf3 e6 9. Nc3 Nc5 10. Be3 Qa5 11. Qe2 1/2-1/2

[Event "Bundesliga 0001"]
[Site "Deutschland"]
[Date "2001.03.11"]
[Round "11.4"]
[White "Lisanti, Andre"]
[Black "Stangl, Markus"]
[Result "0-1"]
[WhiteElo "2300"]
[BlackElo "2479"]
[PlyCount "126"]
[EventDate "2000.10.14"]
[EventType "team"]
[EventRounds "15"]
[EventCountry "GER"]
[SourceTitle "Bundesliga 0001"]
[Source "DeepChess"]
[SourceDate "2005.01.01"]
[SourceVersion "1"]
[SourceVersionDate "2005.01.01"]
[SourceQuality "1"]
[WhiteTeam "TSV Schott Mainz"]
[BlackTeam "TV Tegernsee"]
[WhiteTeamCountry "GER"]
[BlackTeamCountry "GER"]

1. g3 Nf6 2. Bg2 g6 3. d4 d5 4. c4 Bg7 5. cxd5 Nxd5 6. Nc3 Nb6 7. e3 O-O 8.
Nge2 e5 9. d5 c6 10. e4 cxd5 11. Nxd5 Nxd5 12. exd5 Bf5 13. Be3 Na6 14. O-O Qd6
15. a3 Rfc8 16. Nc3 Qd7 17. Qe2 Nc5 18. Rad1 Nb3 19. Qb5 Nd4 20. Qxd7 Bxd7 21.
d6 Bc6 22. Nd5 Rd8 23. Ne7+ Kf8 24. Nxc6 bxc6 25. b4 Rac8 26. Bh3 f5 27. g4
Rxd6 28. gxf5 Rcd8 29. Bxd4 Rxd4 30. Rxd4 exd4 31. fxg6 hxg6 32. Bg2 d3 33.
Bxc6 d2 34. Rd1 Bb2 35. a4 Bc3 36. b5 Rd4 37. Bf3 Rxa4 38. Kf1 Rb4 39. Be2 Ke7
40. Kg2 Kf6 41. Bd3 g5 42. Kf3 Rh4 43. Kg2 Ke5 44. Be2 Re4 45. Kf1 Rf4 46. Kg2
Ke4 47. h3 Kd5 48. Rb1 Bd4 49. f3 Bc5 50. Kf1 Rd4 51. Bd1 Kc4 52. Rb3 Rd5 53.
Rb1 Re5 54. Be2+ Kc3 55. Ra1 Re7 56. Ra2 Bb4 57. Ra4 Kb3 58. Bd1+ Kc3 59. Be2
Kc2 60. Rxb4 Rxe2 61. Rc4+ Kd3 62. Rd4+ Kxd4 63. Kxe2 Kc3 0-1

[Event "Bundesliga 0001"]
[Site "Deutschland"]
[Date "2001.03.11"]
[Round "11.5"]
[White "Teske, Henrik"]
[Black "Wornath, Kai Rudolf"]
[Result "1-0"]
[WhiteElo "2463"]
[BlackElo "2398"]
[PlyCount "49"]
[EventDate "2000.10.14"]
[EventType "team"]
[EventRounds "15"]
[EventCountry "GER"]
[SourceTitle "Bundesliga 0001"]
[Source "DeepChess"]
[SourceDate "2005.01.01"]
[SourceVersion "1"]
[SourceVersionDate "2005.01.01"]
[SourceQuality "1"]
[WhiteTeam "TV Tegernsee"]
[BlackTeam "TSV Schott Mainz"]
[WhiteTeamCountry "GER"]
[BlackTeamCountry "GER"]

1. d4 Nf6 2. Bg5 e6 3. Nf3 b6 4. e4 h6 5. Bxf6 Qxf6 6. Nbd2 Bb7 7. Bd3 d6 8.
Qe2 Nd7 9. O-O-O g5 10. e5 Qe7 11. exd6 cxd6 12. Be4 d5 13. Bd3 Bg7 14. h4
O-O-O 15. Nb3 Kb8 16. Kb1 Rc8 17. Qe3 Bf6 18. Bb5 gxh4 19. Bxd7 Qxd7 20. Qf4+
Qc7 21. Qxf6 Qxc2+ 22. Ka1 Qxf2 23. Rd2 Qg3 24. Qxf7 Rhf8 25. Qh5 1-0

[Event "Bundesliga 0001"]
[Site "Deutschland"]
[Date "2001.03.11"]
[Round "11.6"]
[White "Neidhardt, Claus Ulrich"]
[Black "Kachiani Gersinska, Ketino"]
[Result "0-1"]
[WhiteElo "2429"]
[BlackElo "2448"]
[PlyCount "82"]
[EventDate "2000.10.14"]
[EventType "team"]
[EventRounds "15"]
[EventCountry "GER"]
[SourceTitle "Bundesliga 0001"]
[Source "DeepChess"]
[SourceDate "2005.01.01"]
[SourceVersion "1"]
[SourceVersionDate "2005.01.01"]
[SourceQuality "1"]
[WhiteTeam "TSV Schott Mainz"]
[BlackTeam "TV Tegernsee"]
[WhiteTeamCountry "GER"]
[BlackTeamCountry "GER"]

1. d4 Nf6 2. c4 g6 3. Nc3 Bg7 4. e4 d6 5. h3 O-O 6. Bg5 c6 7. Bd3 e5 8. d5 a5
9. Nge2 Na6 10. O-O Bd7 11. Bc2 Nc5 12. a3 Qb6 13. Rb1 cxd5 14. Bxf6 Bxf6 15.
Nxd5 Qd8 16. b4 axb4 17. axb4 Ne6 18. Nxf6+ Qxf6 19. Qxd6 Rfd8 20. Qb6 Ra2 21.
Rfc1 Ba4 22. Bxa4 Rxe2 23. Re1 Rd6 24. Qa7 Ra2 25. Ra1 Rdd2 26. Rxa2 Rxa2 27.
Rf1 Kg7 28. Qxb7 Rxa4 29. c5 Qf4 30. Qb5 Ra3 31. Qc4 Qg5 32. Kh2 Nf4 33. Rg1
Nxh3 34. gxh3 Qf4+ 35. Rg3 Qxf2+ 36. Rg2 Qf4+ 37. Kh1 Ra1+ 38. Rg1 Qf3+ 39. Kh2
Qf2+ 40. Rg2 Qf4+ 41. Rg3 Ra3 0-1

[Event "Bundesliga 0001"]
[Site "Deutschland"]
[Date "2001.03.11"]
[Round "11.7"]
[White "Pezerovic, Edin"]
[Black "Bewersdorff, Oliver"]
[Result "1/2-1/2"]
[WhiteElo "2426"]
[BlackElo "2364"]
[PlyCount "86"]
[EventDate "2000.10.14"]
[EventType "team"]
[EventRounds "15"]
[EventCountry "GER"]
[SourceTitle "Bundesliga 0001"]
[Source "DeepChess"]
[SourceDate "2005.01.01"]
[SourceVersion "1"]
[SourceVersionDate "2005.01.01"]
[SourceQuality "1"]
[WhiteTeam "TV Tegernsee"]
[BlackTeam "TSV Schott Mainz"]
[WhiteTeamCountry "GER"]
[BlackTeamCountry "GER"]

1. Nf3 Nf6 2. d4 g6 3. g3 Bg7 4. Bg2 O-O 5. O-O d5 6. Nbd2 c6 7. Re1 Ne4 8. c3
f5 9. Nb3 Nd7 10. Bf4 Qb6 11. Qc1 a5 12. e3 Nd6 13. h4 Nc4 14. Rb1 Re8 15. Nbd2
Nxd2 16. Qxd2 e5 17. dxe5 Nxe5 18. Nxe5 Bxe5 19. Bxe5 Rxe5 20. Rbd1 Re7 21. Re2
Be6 22. Qd4 Qc7 23. h5 Bf7 24. hxg6 hxg6 25. Bf3 Qe5 26. Qh4 Kg7 27. Kg2 Rh8
28. Qg5 Qf6 29. Qxf6+ Kxf6 30. Rh1 Rxh1 31. Kxh1 g5 32. g4 f4 33. exf4 Rxe2 34.
fxg5+ Kxg5 35. Bxe2 Be6 36. Kg2 Bxg4 37. f3 Be6 38. Kg3 d4 39. f4+ Kf6 40. cxd4
Bxa2 41. Kf3 b5 42. Ke3 Bd5 43. Bd3 Bb3 1/2-1/2